03754nam a2200313uu 4500001000800000005001700008008004100025020001800066035001200084040001300096041000800109050000700117100003600124245012000160250001100280260003900291300003500330505110100365520155601466650004003022650004703062650005303109650005103162650002403213650002503237942000903262999001903271952015003290129686020260508075307.0120910s2010 spa  a9788479789664 a1296860 ccomduadb aspa 4aRC10aHanas, Ragnar4auteaut967247610aDiabetes tipo 1 en niños, adolescentes y adultos jóvenes : cómo llegar a ser un experto en su propia diabetes a2. ed. aMadrid :bDíaz de Santos,c2010. a489 páginas :bilustraciones aCONTENIDO: Introducción. -- Empezando a hacernos cargo de la diabetes. -- Cómo cuidar nuestra diabetes. -- Diabetes: algunas nociones básicas. -- ¿Cómo funciona nuestro cuerpo? -- Niveles elevados de glucosa en sangre. -- Regulación de la glucosa en sangre. -- Hipoglucemia. -- Tratamiento de la hipoglucemia. -- Tratamiento con insulina. -- Monitorización. -- HbA1c. -- Técnicas de inyección. -- Material de inyección. -- Ajuste de la dosis de insulina. -- Bomba de insulina. -- Efectos colaterales del tratamiento con insulina. -- Requerimientos de insulina. -- Nutrición en diabetes. -- Edulcorantes. -- Golosinas. -- Control del peso. -- Trastornos de la conducta alimentaria. -- Ejercicio físico. -- Estrés. -- Fiebre y días con enfermedad. -- Fumar. -- Alcohol. -- Drogas ilegales. -- Embarazo y sexualidad. -- Aspectos sociales. -- Consejos para viajar. -- Enfermedades asociadas. -- Complicaciones vasculares. -- Cómo reducir el riesgo de complicaciones. -- Investigación. -- Aspectos psicológicos. -- Fobia a las agujas. -- Personas famosas con diabetes.3 aRESEÑA: Este libro expone de un modo práctico todo lo que uno necesita saber para poder cuidar bien de su diabetes. Tener diabetes significa verse en la necesidad de conocer más acerca de esta condición de lo que puede saber cualquier médico general y estar en condiciones de entender y tomar decisiones apropiadas en el cuidado día a día de la enfermedad. Ésta es una condición necesaria tanto para disfrutar de la vida en el presente como para evitar o posponer posibles complicaciones en el largo plazo. La investigación actual no deja lugar a dudas de que el mantenimiento de niveles adecuados de glucosa en sangre reduce el riesgo de desarrollar complicaciones a largo plazo como consecuencia de la diabetes enfermeros, educadores diabetológicos, médicos, nutricionistas, maestros y otras personas al cuidado de niños con diabetes. En algunos casos el autor habla directamente al niño o joven con diabetes. Otras veces se dirige a sus padres y su familia. En ocasiones la información está destinada a terceros, como los miembros del equipo médico que trata la diabetes. Podríamos imaginarnos, al leer el libro, a todos sentados alrededor de una mesa intercambiando y compartiendo la información, pero el mensaje más importante, siempre presente a lo largo del texto, es que es uno quien está al mando de su propia vida y no debe permitir que sea la diabetes quien la controla. Para lograr esto uno debe aprender cómo manejar el tratamiento ante las diferentes situaciones que se plantean día a día. aDiabetes mellitus en niños953109 aDiabetes mellitus tipo 1 en niños954399 aDiabetes mellitus tipo 2 - Complicaciones981376 aDiabetes mellitus tipo 2 - Tratamiento9147327 aHipoglicemia922479 7aInsulina2dcs916326 cBOOK c631929d631929 001040708GENERALaBRbBRd2012-09-10eBenedettig115000.00iC1155005l1oRC660 H3p95771r2023-11-15 00:00:00s2023-10-18t1w2023-05-02yBOOK